X-ray and UV emission from active galactic nuclei (Record no. 8169)

MARC details
000 -LEADER
fixed length control field 01006nam a2200217Ia 4500
003 - CONTROL NUMBER IDENTIFIER
control field IN-BaIIA
008 - FIXED-LENGTH DATA ELEMENTS--GENERAL INFORMATION
fixed length control field 211028s9999 xx 000 0 eng d
020 ## - INTERNATIONAL STANDARD BOOK NUMBER
International Standard Book Number 0340-8922
040 ## - CATALOGING SOURCE
Transcribing agency IIA Library
080 ## - UNIVERSAL DECIMAL CLASSIFICATION NUMBER
Universal Decimal Classification number 524.7-73(082.1)
Item number XRA
100 ## - MAIN ENTRY--PERSONAL NAME
Personal name Brinkmann, Wolfgang
9 (RLIN) 13723
111 ## - MAIN ENTRY--MEETING NAME
Meeting name or jurisdiction name as entry element Conference on X-Ray and UV Emission From Active Galactic Nuclei
Location of meeting Max-Planck-Institut fur Extraterrestrische Physik, Garching
Date of meeting or treaty signing 1984 July 9-13
9 (RLIN) 13724
245 #0 - TITLE STATEMENT
Title X-ray and UV emission from active galactic nuclei
Remainder of title proceedings of the Conference on X-ray and UV emission from active galactic nuclei, held in Max-Planck-Institut fur Extraterrestrische Physik, Garching, Germany, 9-13 July 1984
Statement of responsibility, etc. Wolfgang Brinkmann and Joachim Trumper
260 ## - PUBLICATION, DISTRIBUTION, ETC.
Place of publication, distribution, etc. Germany
Name of publisher, distributor, etc. Max-Planck-Institut fur Astrophysik
Date of publication, distribution, etc. 1984
650 ## - SUBJECT ADDED ENTRY--TOPICAL TERM
Topical term or geographic name entry element Active galactic Nuclei
9 (RLIN) 6209
650 ## - SUBJECT ADDED ENTRY--TOPICAL TERM
Topical term or geographic name entry element Astronomy and Astrophysics thesaurus
650 ## - SUBJECT ADDED ENTRY--TOPICAL TERM
Topical term or geographic name entry element UV emission
9 (RLIN) 13725
650 ## - SUBJECT ADDED ENTRY--TOPICAL TERM
Topical term or geographic name entry element X-ray emission
9 (RLIN) 13726
700 ## - ADDED ENTRY--PERSONAL NAME
Personal name Trumper, Joachim
9 (RLIN) 13727
942 ## - ADDED ENTRY ELEMENTS (KOHA)
Koha item type Books
Holdings
Withdrawn status Lost status Damaged status Not for loan Home library Current library Shelving location Date acquired Total Checkouts Full call number Barcode Date last seen Price effective from Koha item type
        IIA Library-Bangalore IIA Library-Bangalore General Stacks 23/04/1985   524.7-73(082.1)/ XRA 9008 05/11/2021 23/04/1985 Books

Powered by Koha